| 000 | 00749nam a2200253 i 4500 | ||
|---|---|---|---|
| 001 | 92813 | ||
| 003 | ES-MaACL | ||
| 005 | 20250727032332.0 | ||
| 007 | t| | ||
| 008 | 050328s1977 sp 00110 spa | ||
| 020 | _a84-7339-217-5 | ||
| 080 | _a39(460) | ||
| 080 | _a572(460) | ||
| 100 | 1 |
_aLisón Tolosana, Carmelo. _972541 |
|
| 245 | 1 | 0 |
_aAntropología social en España / _cCarmelo Lisón Tolosana. |
| 250 | _a2ª ed. | ||
| 260 |
_aMadrid : _bAkal, _c1977. |
||
| 300 |
_a335 p. ; _c22 cm. |
||
| 490 | 1 |
_aManifiesto. Serie antropología ; _v44 |
|
| 650 | 4 |
_aAntropología cultural y social- _zEspaña _99873 |
|
| 830 | 1 |
_aManifiesto. Serie antropología _v44 _9232060 |
|
| 852 | 4 |
_aES-MaACL _jA-6517 |
|
| 999 |
_c92813 _d92813 |
||